| 000 | 00473nam a22001817a 4500 | ||
|---|---|---|---|
| 003 | OSt | ||
| 005 | 20140310182023.0 | ||
| 008 | 130801t xxu||||| |||| 00| 0 eng d | ||
| 020 | _a9787800529283 | ||
| 050 |
_aPL 1129 _b.F979 2004 |
||
| 082 |
_aTR 495.1 _bF95 2004 |
||
| 245 | _aFun chinese for kids 2 / | ||
| 260 |
_aChina : _bSinolingua, _cc2004. |
||
| 300 |
_a90 p. : _bcol. ill. ; _c28 cm. |
||
| 650 |
_a Language. _91929 |
||
| 942 |
_2lcc _cBK-TR _kTR |
||
| 999 |
_c8405 _d8405 |
||